01088nam a22002297a 45000010005000000030006000050050017000110080041000280200018000690400029000870500015001160820008001311000017001392450068001562500027002242600033002513000038002845200452003226500023007746500030007977000031008274714FISKH20250827144945.0240925b cb ||||| |||| 00| 0 eng d a9780545112420 aFISKHbengcFISKHdFISKH aPZ7.M85354 2310 aMoss, Olivia aZippy's tall tale /cby Olivia Moss illustrated by Helen Turner aFirst printing in 2009 aLondon :bScholastic,c2009. a72 pages :billustrations ;c20cm a"In Butterfly Meadow, colorful butterflies dance through the air, glowworms inch through the grass, and bumblebees buzz around every flower. It's a place where friendships and adventures take flight! Zippy, a migrating butterfly, has lots of exciting stories to tell! But when Dazzle joins him on a trip to the mountains, she learns that Zippy's stories aren't what they seem. Could his tall tales land them in a ton of trouble?"--p. [4] of cover. 2MigrationaFiction 2Butterfly MeadowaAnimals aTurner, HelendIllustrator